[Event "New York State-ch121"]
[Site "New York"]
[Date "1999.09.04"]
[Round "2"]
[White "Felber, J."]
[Black "Nakamura, A."]
[Result "1-0"]
[WhiteElo "2094"]
[BlackElo "2157"]
[PlyCount "55"]
[EventDate "1999.09.04"]
[Source "www.chesslib.no"]
[SourceDate "2004.05.04"]

1. e4 e5 2. Bc4 Nf6 3. d4 exd4 4. Nf3 Nxe4 5. Qxd4 Nf6 6. Bg5 Be7 7. Nc3 O-O 8. O-O-O h6 9. Be3 Nc6 10. Qd2 Ng4 11. Bd4 Nxd4 12. Qxd4 d6 13. Nd5 Bf6 14. Qd2 Be6 15. Rhe1 Ne5 16. Nxe5 dxe5 17. Qe2 Bxd5 18. Rxd5 Qc8 19. Red1 Qe6 20. Rd7 Qc6 21. Qg4 Rae8 22. Bb3 Re7 23. Rd8 Rxd8 24. Rxd8+ Re8 25. Rd7 Rf8 26. Rxf7 Bg5+ 27. Kb1 Qb5 28. Rf6+ 1-0

[Event "Caorle Open"]
[Site "Caorle ITA"]
[Date "1981.??.??"]
[Round "4"]
[White "Belamaric, Goran"]
[Black "D'Amore, Carlo"]
[Result "1-0"]
[WhiteElo "2000"]
[BlackElo "2250"]
[PlyCount "55"]
[EventDate "1981.??.??"]
[Source "www.chesslib.no"]
[SourceDate "2004.05.04"]

1. e4 e5 2. Bc4 Nf6 3. d4 Nxe4 4. dxe5 Nc5 5. Nf3 Be7 6. O-O O-O 7. Bf4 Ne6 8. Bg3 b6 9. Qe2 Bb7 10. Nc3 Qe8 11. Rad1 Kh8 12. h4 f6 13. Nd5 fxe5 14. Nxe5 Bd8 15. Rfe1 c6 16. Nxd7 Nxd7 17. Nf4 Ndc5 18. Nxe6 Nxe6 19. Bxe6 c5 20. Bd6 Be7 21. Bxe7 Qxe7 22. Rd7 Qxh4 23. Rxb7 Rae8 24. Qd2 Rf6 25. g3 Qh6 26. Bf7 Rf8 27. Qxh6 gxh6 28. Ree7 1-0

[Event "Politiken Cup"]
[Site "?"]
[Date "2004.07.31"]
[Round "9"]
[White "Bindzus Niels"]
[Black "Kaimer Thomas"]
[Result "1/2-1/2"]
[WhiteElo "2011"]
[BlackElo "2237"]
[PlyCount "29"]
[EventDate "2004.??.??"]
[Source "www.chesslib.no"]
[SourceDate "2004.05.04"]

1. e4 e5 2. Bc4 Nf6 3. d4 exd4 4. Nf3 d5 5. exd5 Bb4+ 6. c3 Qe7+ 7. Be2 dxc3 8. bxc3 Bc5 9. O-O O-O 10. Bg5 h6 11. Bxf6 Qxf6 12. Nbd2 Bf5 13. Nb3 Ba3 14. Qd2 Nd7 15. Rad1 1/2-1/2

[Event "XXIX Politiken Cup"]
[Site "Copenhagen DAN"]
[Date "2007.07.28"]
[Round "9"]
[White "Markgraf, C."]
[Black "Thorhallsson, G."]
[Result "0-1"]
[WhiteElo "2049"]
[BlackElo "2195"]
[PlyCount "78"]
[EventDate "2007.07.21"]
[Source "www.chesslib.no"]
[SourceDate "2004.05.04"]

1. e4 e5 2. Bc4 Nf6 3. d4 exd4 4. Nf3 d6 5. O-O Be7 6. Nxd4 O-O 7. Nc3 Nxe4 8. Nd5 Bf6 9. f3 Nc5 10. g4 Bxd4+ 11. Qxd4 Nc6 12. Qc3 Be6 13. Nf4 Bxc4 14. Qxc4 Qf6 15. c3 Rae8 16. b4 Ne5 17. Qd5 c6 18. Qd1 Ne6 19. Nh5 Qh4 20. Kg2 Nc4 21. Ng3 d5 22. f4 Qd8 23. f5 Ng5 24. f6 gxf6 25. Nh5 Re6 26. Qd4 Re2+ 27. Kh1 Ne4 28. Bh6 Qd6 29. Bf4 Qe6 30. Rae1 Rxe1 31. Rxe1 b6 32. h3 c5 33. Qg1 Kh8 34. Kh2 Ne5 35. Qg2 Nd3 36. Re3 Nxf4 37. Nxf4 Qe5 38. Qf1 Nd2 39. Qf2 Qxe3 0-1